000 00212nam a22001097a 4500
100 _aHarit, James
245 _aChess The Beginners
250 _a1995
260 _bVarun Pub.
300 _a153
942 _2ddc
_cBK
999 _c11516
_d11516